Julien Lieb - Le Jeu (paroles) - Statistiques

Statistiques générales
  • Ce quiz a été pris 79 fois
  • Le résultat moyen est 345 sur 454
Statistiques - réponses
Paroles % Correct
la
98%
le
98%
te
98%
tes
98%
yeux
98%
de
95%
je
95%
leur
95%
Pré-refrain Pour
95%
pour
95%
(pour
95%
joue
93%
que
93%
ce
90%
c'est
90%
jeu
90%
à
88%
si
88%
Si
88%
larmes
85%
les
85%
Couplet 1 J'ai
83%
j'ai
83%
ma
83%
tu
83%
Refrain Tu
83%
me
80%
en
78%
leurs
78%
mon
78%
toi
78%
armes
76%
baissent
76%
dans
76%
flamme
76%
nuit
76%
sais
76%
sèchent
76%
on
73%
rallumer
73%
tout
73%
ça
71%
des
71%
du
71%
est
71%
mais
71%
pas
71%
secondes
71%
toutes
71%
vois
71%
ai
68%
bateau ?
68%
besoin
68%
bravos
68%
demandant
68%
éclat
68%
et
68%
juste
68%
monde
68%
ou
68%
peau
68%
poursuite
68%
s'il
68%
temps
68%
âme
66%
faut
66%
Faut
66%
j'en
66%
mène
66%
vieux
66%
avant
63%
bien
63%
Moi
63%
moi
63%
m'y
63%
payer
63%
quitte
63%
rien
63%
sillonne
63%
tard
63%
tôt
63%
trop
63%
bruit
61%
faire
61%
fera
61%
lumière
61%
prendre
61%
soir
61%
tous
61%
assez
59%
deux
59%
fatigués
59%
j'finirai
59%
minuit
59%
néons
59%
quand
59%
quoi
59%
brûler
56%
dois
56%
ensemble
56%
qu'il
56%
chiens
54%
crie
54%
folie
54%
l'air ?
54%
tourne
54%
criera
51%
dos
51%
l'ombre
51%
story
51%
filer
49%
j'laisse
49%
pluie
49%
p't'être
49%
chaud
44%
fin
44%
j'prendrais
44%
poste
44%
tournent
44%
soleil
41%
sourire
41%
derrière
39%
mains
39%
mots
39%
y'a
39%
mieux
37%
j'tends
34%
donner)
32%
l'amour
32%
miens
32%
m'tiens
32%
j'brûle
24%
Aucun quiz correspondant
Distribution des résultats
% des personnes avec chaque résultat
Percentile par nombre de réponses
Votre historique - résultats
Vous n’avez pas pris ce quiz